<?xml version="1.0" encoding="UTF-8"?><?xml-stylesheet type="text/xsl" href="static/style.xsl"?><OAI-PMH xmlns="http://www.openarchives.org/OAI/2.0/" xmlns:xsi="http://www.w3.org/2001/XMLSchema-instance" xsi:schemaLocation="http://www.openarchives.org/OAI/2.0/ http://www.openarchives.org/OAI/2.0/OAI-PMH.xsd"><responseDate>2026-06-06T02:40:26Z</responseDate><request verb="GetRecord" identifier="oai:riuma.uma.es:10630/35057" metadataPrefix="marc">https://riuma.uma.es/rest/oai/request</request><GetRecord><record><header><identifier>oai:riuma.uma.es:10630/35057</identifier><datestamp>2026-02-03T11:58:39Z</datestamp><setSpec>com_10630_2254</setSpec><setSpec>col_10630_37959</setSpec></header><metadata><record xmlns="http://www.loc.gov/MARC21/slim" xmlns:dcterms="http://purl.org/dc/terms/" xmlns:doc="http://www.lyncode.com/xoai" xmlns:xsi="http://www.w3.org/2001/XMLSchema-instance" xsi:schemaLocation="http://www.loc.gov/MARC21/slim http://www.loc.gov/standards/marcxml/schema/MARC21slim.xsd">
   <leader>00925njm 22002777a 4500</leader>
   <datafield ind2=" " ind1=" " tag="042">
      <subfield code="a">dc</subfield>
   </datafield>
   <datafield ind2=" " ind1=" " tag="720">
      <subfield code="a">Jin, Xianhao</subfield>
      <subfield code="e">author</subfield>
   </datafield>
   <datafield ind2=" " ind1=" " tag="720">
      <subfield code="a">Servant-Cortés, Francisco Javier</subfield>
      <subfield code="e">author</subfield>
   </datafield>
   <datafield ind2=" " ind1=" " tag="260">
      <subfield code="c">2019</subfield>
   </datafield>
   <datafield ind2=" " ind1=" " tag="520">
      <subfield code="a">Stack Overflow is the most-widely-used online question-and-answer platform for software developers to solve problems and communicate experience. Stack Overflow believes in the power of community editing, which means that one is able to edit questions without the changes going through peer review. Stack Overflow users may make edits to questions for a variety of reasons, among others, to improve the question and try to obtain more answers. However, to date the relationship between edit actions on questions and the number of answers that they collect is unknown. In this paper, we perform an empirical study on Stack Overflow to understand the relationship between edit actions and number of answers obtained in different dimensions from different attributes of the edited questions. We find that questions are more commonly edited by question owners, on bodies with relatively big changes before obtaining an accepted answer. However, edited questions that obtained more answers in a shorter time, were edited by other users rather than question owners, and their edits tended to be small, focused on titles and in adding addendums.</subfield>
   </datafield>
   <datafield ind1="8" ind2=" " tag="024">
      <subfield code="a">X. Jin and F. Servant, "What Edits are Done on the Highly Answered Questions in Stack Overflow? An Empirical Study, " 2019 IEEE/ACM 16th International Conference on Mining Software Repositories (MSR), Montreal, QC, Canada, 2019, pp. 225-229, DOI: https://doi.org/10.1109/MSR.2019.00045</subfield>
   </datafield>
   <datafield ind1="8" ind2=" " tag="024">
      <subfield code="a">https://hdl.handle.net/10630/35057</subfield>
   </datafield>
   <datafield tag="653" ind2=" " ind1=" ">
      <subfield code="a">Software - Mantenimiento</subfield>
   </datafield>
   <datafield ind2="0" ind1="0" tag="245">
      <subfield code="a">What Edits Are Done on The Highly Answered Questions in Stack Overflow? An Empirical Study.</subfield>
   </datafield>
</record>
</metadata></record></GetRecord></OAI-PMH>